Simpsons Episodes (Season 1) - Statistics

General Stats
  • This quiz has been taken 5 times
  • The average score is 12 of 13
Answer Stats
Picture Answer % Correct
Bart the General
100%
Bart the Genius
100%
Homer's Night Out
100%
Homer's Odyssey
100%
Krusty Gets Busted
100%
Moaning Lisa
100%
Simpsons Roasting on an Open Fire
100%
The Telltale Head
100%
Life on the Fast Lane
80%
Some Enchanted Evening
80%
The Call of the Simpsons
80%
The Crepes of Wrath
60%
There's No Disgrace Like Home
60%
No matching quizzes found
Score Distribution
Percent of People with Each Score
Percentile by Number Answered
Your Score History
You have not taken this quiz